Представление документа в формате RUSMARC

ПолеНазваниеЗначение
  Тип записи c
  Библиографический уровень m
001 Контрольный номер RU/IS/BASE/516977193
005 Дата корректировки 20251120093230.6
010 Индекс ISBN __
9 Тираж 3400 экз.
013 Номер (ISMN) __
d Цена 74 к.
071 Издательские номер (звукозапись и ноты) 21
a Номер, присвоенный агентством 8790
100 Данные общей обработки __
a Данные общей обработки 20160519d1975 u y0rusy0189||||ca
101 Язык документа 0_
a Язык текста rus
f Язык титульного листа rus
102 Страна публикации __
a Страна публикации RU
105 Кодированные данные (монография) __
a Кодированные данные (монография) y###||||000|y
125 Кодированные данные звукозаписи и нотных изданий __
a Форма изложения нотного текста а|
128 Кодированные данные (звукозаписи-физические характеристики) __
a Кодированные данные: Музыкальная форма и тональность или лад zz
b Инструменты или голоса, необходимые для ансамблей (устаревшее) kt||
200 Заглавие и сведения об ответственности 1_
a Заглавие Вып. 1
210 Выходные данные 1_
d Дата издания 1975
215 Физическое описание __
a Объем 119 с.
327 Примечание о содержании 11
a Примечание о содержании Содерж. : Бах И. С. Органная прелюдия и фуга ре минор. - Глинка М. Увертюра к опере "Руслан и Людмила". - Лысенко Н. Вторая украинская рапсодия. - Шамо И. Веснянка из "Украинской сюиты". - Чайкин Н. Концертное рондо.
461 Уровень набора _0
1 001RU/IS/BASE/516976891
1 200
a Из репертуара Квартета баянистов Киевской государственной филармонии
b [Ноты]
f сост., [перелож. и исп. ред.] Н. Ризоль
v Вып. 1
1 210
a М.
c Музыка
d 1975 -
464 Аналитический уровень _0
1 2001
a Органная прелюдия и фуга ре минор
1 700 1
a Бах
b И. С.
464 Аналитический уровень _0
1 2001
a Увертюра к опере "Руслан и Людмила"
1 700 1
a Глинка
b М.
1 50010
a Руслан и Людмила
464 Аналитический уровень _0
1 2001
a Вторая украинская рапсодия
1 700 1
a Лысенко
b Н.
464 Аналитический уровень _0
1 2001
a Веснянка из "Украинской сюиты"
1 700 1
a Шамо
b И.
1 50010
a Украинская сюита
464 Аналитический уровень _0
1 2001
a Концертное рондо
1 700 1
a Чайкин
b Н.
512 Заглавие обложки 1_
a Заглавие обложки Из репертуара Квартета баянистов Киевской государственной филармонии
606 Тематические рубрики 0_
a Основная рубрика Ансамбли баянов
x Основная подрубрика Пьесы
610 Ключевые слова 0_
a Ключевые слова ансамбли баянов
686 Индексы других классификаций __
a Классификационный индекс 85.952.456я43
a Классификационный индекс 85.952,8
2 Код системы rubbk
801 Источник записи _0
a Страна RU
b Организация Ульяновская ОНБ
c Дата составления 20160519
g Правила каталогизации RCR
801 Источник записи _1
a Страна RU
b Организация Ульяновская ОНБ
c Дата составления 20160519
g Правила каталогизации RCR
901 Тип документа __
t Тип документа n
w Контрольный № источника RU/IS/BASE/516976891
909 Создатель записи __
a Создатель записи Никитина Т. А.
910 Корректоры записи __
a Корректор записи Васина
938 Служебная информация __
a Имя БД noti
b Имя библиотеки УОНБ
c Имя АИБС МАРК-SQL
d Номер DOC_ID в БД 14677